| 000 | 01383 a2200229 4500 | ||
|---|---|---|---|
| 020 | _a0750633719 | ||
| 020 | _a9780750633710 | ||
| 082 | 0 | 4 | _a537.67 |
| 090 |
_c241 _d241 |
||
| 100 | 1 | _aBerestetskii, V B. | |
| 245 | 1 | 0 |
_aQuantum electrodynamics, second edition : _b. _nVolume 4 / _cV B Berestetskii, L. P. Pitaevskii, E.M. Lifshitz. |
| 250 | _a2nd ed. | ||
| 260 |
_a[S.l.] : _bButterworth-Heinemann, _c1982. |
||
| 300 |
_a667 p. ; _c25 cm. |
||
| 520 | _aSeveral significant additions have been made to the second edition, including the operator method of calculating the bremsstrahlung cross-section, the calcualtion of the probabilities of photon-induced pair production and photon decay in a magnetic field, the asymptotic form of the scattering amplitudes at high energies, inelastic scattering of electrons by hadrons, and the transformation of electron-positron pairs into hadrons. | ||
| 700 | 1 | _aPitaevskii, L. P. | |
| 700 | 1 | _aLifshitz, E.M. | |
| 942 |
_aSNS _cBK _k537.67 BER |
||
| 999 |
_c28876 _d28876 |
||